El mamut lanudo / (Record no. 18609)

MARC details
000 -LEADER
fixed length control field 01366cam a22003978i 4500
001 - CONTROL NUMBER
control field 19350323
003 - CONTROL NUMBER IDENTIFIER
control field DLC
005 - DATE AND TIME OF LATEST TRANSACTION
control field 20170720142021.0
008 - FIXED-LENGTH DATA ELEMENTS--GENERAL INFORMATION
fixed length control field 161025s2018 mnu j b 001 0 spa
010 ## - LIBRARY OF CONGRESS CONTROL NUMBER
LC control number 2016049149
020 ## - INTERNATIONAL STANDARD BOOK NUMBER
International Standard Book Number 9781512441185 (hard lb : alk. paper)
020 ## - INTERNATIONAL STANDARD BOOK NUMBER
International Standard Book Number 9781512453744 (pb : alk. paper)
040 ## - CATALOGING SOURCE
Original cataloging agency DLC
Language of cataloging eng
Description conventions rda
Transcribing agency DLC
041 1# - LANGUAGE CODE
Language code of text/sound track or separate title spa
Language code of original eng
042 ## - AUTHENTICATION CODE
Authentication code pcc
050 00 - LIBRARY OF CONGRESS CALL NUMBER
Classification number QE882.P8
Item number R6318 2018
082 00 - DEWEY DECIMAL CLASSIFICATION NUMBER
Classification number 569/.67
Edition number 23
100 1# - MAIN ENTRY--PERSONAL NAME
Personal name Rober, Harold T.
240 10 - UNIFORM TITLE
Uniform title <a href="Woolly mammoth.">Woolly mammoth.</a>
Language of a work Spanish
245 13 - TITLE STATEMENT
Title El mamut lanudo /
Statement of responsibility, etc. por Harold T. Rober.
260 ## - PUBLICATION, DISTRIBUTION, ETC. (IMPRINT)
Place of publication, distribution, etc. Minneapolis :
Name of publisher, distributor, etc. Ediciones Lerner,
Date of publication, distribution, etc. [2018]
264 #1 - PRODUCTION, PUBLICATION, DISTRIBUTION, MANUFACTURE, AND COPYRIGHT NOTICE
Place of production, publication, distribution, manufacture Minneapolis :
Name of producer, publisher, distributor, manufacturer Ediciones Lerner,
Date of production, publication, distribution, manufacture, or copyright notice [2018]
300 ## - PHYSICAL DESCRIPTION
Extent 24 pages :
Other physical details color illustrations ;
Dimensions 24 cm
336 ## - CONTENT TYPE
Content type term text
Content type code txt
Source rdacontent
337 ## - MEDIA TYPE
Media type term unmediated
Media type code n
Source rdamedia
338 ## - CARRIER TYPE
Carrier type term volume
Carrier type code nc
Source rdacarrier
490 0# - SERIES STATEMENT
Series statement Bumba books en español. Dinosaurios y bestias prehistóricas
504 ## - BIBLIOGRAPHY, ETC. NOTE
Bibliography, etc Includes bibliographical references and index.
521 1# - TARGET AUDIENCE NOTE
Target audience note Age 4-7.
521 2# - TARGET AUDIENCE NOTE
Target audience note K to grade 3.
546 ## - LANGUAGE NOTE
Language note In Spanish.
650 #0 - SUBJECT ADDED ENTRY--TOPICAL TERM
Topical term or geographic name as entry element Woolly mammoth
Form subdivision Juvenile literature.
776 08 - ADDITIONAL PHYSICAL FORM ENTRY
Relationship information Online version:
Main entry heading Rober, Harold T.
Title El mamut lanudo
Place, publisher, and date of publication Minneapolis : Ediciones Lerner, [2018]
International Standard Book Number 9781512449662
Record control number (DLC) 2016049860
942 ## - ADDED ENTRY ELEMENTS (KOHA)
Source of classification or shelving scheme Dewey Decimal Classification
Koha item type Libro/Book
Holdings
Withdrawn status Lost status Damaged status Not for loan Home library Current library Date acquired Inventory number Total Checkouts Full call number Barcode Date last seen Date checked out Price effective from Koha item type
        Barbudos -- Satellite Barbudos -- Satellite 20/07/2017 Inventory date: 7/7/25 1 569/.67 35801537 16/02/2022 01/06/2021 20/07/2017 Libro/Book

Powered by Koha